| Tag |
First Indicator |
Second Indicator |
Subfields |
| LEADER |
00000cam a2200000Ia 4500 |
| 001 |
in00002721521 |
| 005 |
20151202144947.0 |
| 008 |
111216s2011 dcua b f000 0 eng d |
| 020 |
|
|
|a 9780309128919
|
| 020 |
|
|
|a 0309128919
|
| 035 |
|
|
|a (OCoLC)ocn768490855
|
| 040 |
|
|
|a TRL
|c TRL
|d KSDOT
|d TXA
|d UtOrBLW
|
| 049 |
|
|
|a TXAM
|
| 090 |
|
|
|a HE203
|b .S43 no.S2-R26-RR-1
|
| 245 |
0 |
0 |
|a Preservation approaches for high-traffic-volume roadways /
|c D. Peshkin [and others].
|
| 246 |
1 |
|
|i On cover:
|a SHRP2 renewal research
|
| 264 |
|
1 |
|a Washington, D.C. :
|b Transportation Research Board,
|c 2011.
|
| 300 |
|
|
|a xi, 175 pages :
|b illustrations ;
|c 28 cm.
|
| 336 |
|
|
|a text
|b txt
|2 rdacontent
|
| 337 |
|
|
|a unmediated
|b n
|2 rdamedia
|
| 338 |
|
|
|a volume
|b nc
|2 rdacarrier
|
| 490 |
1 |
|
|a SHRP 2 report ;
|v S2-R26-RR-1
|
| 500 |
|
|
|a At head of title: The Second Strategic Highway Research Program.
|
| 530 |
|
|
|a Also available via the World Wide Web.
|
| 504 |
|
|
|a Includes bibliographical references (pages 85-87).
|
| 520 |
3 |
|
|a TRB's second Strategic Highway Research Program (SHRP 2) Report S2-R26-RR-1: Preservation Approaches for High-Traffic-Volume Roadways documents the state of the practice of preservation treatment on asphalt and concrete pavements on high- and low-volume roadways. The report also includes general guidelines on the application of preservation treatments on high-volume roadways. The same project that produced SHRP 2 Report S2-R26-RR-1 also produced SHRP 2 Report S2-R26-RR-2: Guidelines for the Preservation of High-Traffic-Volume Roadways, which explores the state of the practice for preservation treatments on high- and low-volume asphalt and concrete roadways. The report also includes suggested guidelines on the application of preservation treatments on high-volume roadways.
|
| 650 |
|
0 |
|a Pavements
|z United States
|x Maintenance and repair.
|
| 650 |
|
0 |
|a Roads
|z United States
|x Maintenance and repair.
|
| 650 |
|
7 |
|a Highway maintenance.
|2 trt
|
| 650 |
|
7 |
|a Pavement maintenance.
|2 trt
|
| 650 |
|
7 |
|a preservation.
|2 trt
|
| 700 |
1 |
|
|a Peshkin, David G.
|
| 710 |
2 |
|
|a National Research Council (U.S.).
|b Transportation Research Board.
|
| 710 |
2 |
|
|a Second Strategic Highway Research Program (U.S.)
|
| 830 |
|
0 |
|a SHRP 2 report ;
|v S2-R26-RR-1.
|
| 856 |
4 |
1 |
|u http://onlinepubs.trb.org/onlinepubs/shrp2/SHRP2_S2-R26-RR-1.pdf
|t 0
|
| 948 |
|
|
|a cataloged
|b h
|c 2012/1/2
|d c
|e ceaton
|f 2:46:34 pm
|
| 994 |
|
|
|a C0
|b TXA
|
| 999 |
|
|
|a MARS
|
| 999 |
f |
f |
|s b5e4522f-7bce-3897-906a-958f3b09ff9d
|i a235e3b0-ff1c-3c24-a2b5-79c958f3fdc0
|t 0
|
| 952 |
f |
f |
|p normal
|a Texas A&M University
|b College Station
|c Sterling C. Evans Library
|d Evans: Library Stacks
|t 0
|e HE203 .S43 no.S2-R26-RR-1
|h Library of Congress classification
|i unmediated -- volume
|m A14841336205
|
| 998 |
f |
f |
|a HE203 .S43 no.S2-R26-RR-1
|t 0
|l Evans: Library Stacks
|